[Event "FICGS class M 000020 email"]
[Site "FICGS email"]
[Date "2023.04.08"]
[Round "1"]
[White "Bernal Varela, Nelson"]
[Black "Ortiz, Clodomiro"]
[Result "1/2-1/2"]
[WhiteElo "2490"]
[BlackElo "2453"]
[PlyCount "62"]
[EventDate "2023.??.??"]
[EventType "tourn (corr)"]
[EventRounds "1"]
[SourceTitle "Corr 2024"]
[Source "ChessBase"]
[SourceDate "2023.10.19"]
[SourceVersion "1"]
[SourceVersionDate "2023.10.19"]
[SourceQuality "1"]

1. Nf3 Nf6 2. c4 c5 3. Nc3 Nc6 4. g3 d5 5. d4 e6 6. cxd5 Nxd5 7. Bg2 cxd4 8. Nxd4 Nxc3 9. bxc3 Nxd4 10. Qxd4 Qxd4 11. cxd4 Bd6 12. 0-0 Rb8 13. a4 Bd7 14. a5 Ke7 15. Bg5+ f6 16. Be3 b6 17. h4 Rhc8 18. d5 e5 19. Rfb1 Bc5 20. axb6 axb6 21. Bxc5+ Rxc5 22. d6+ Kd8 23. Ra7 b5 24. Bb7 Rc4 25. Rba1 b4 26. Ra8 Rxa8 27. Rxa8+ Bc8 28. Rb8 Kd7 29. Bxc8+ Rxc8 30. Rxb4 Kxd6 31. Rb6+ Rc6 1/2-1/2

[Event "FICGS class M 000018 email"]
[Site "FICGS email"]
[Date "2022.06.02"]
[Round "1"]
[White "Lounek, Jan"]
[Black "Ortiz, Clodomiro"]
[Result "1/2-1/2"]
[WhiteElo "2494"]
[BlackElo "2390"]
[PlyCount "51"]
[EventDate "2022.??.??"]
[EventType "tourn (corr)"]
[EventRounds "1"]
[SourceTitle "Corr 2024"]
[Source "ChessBase"]
[SourceDate "2023.10.19"]
[SourceVersion "1"]
[SourceVersionDate "2023.10.19"]
[SourceQuality "1"]

1. e4 e5 2. Nf3 Nc6 3. Bb5 Nf6 4. 0-0 Nxe4 5. Re1 Nd6 6. Nxe5 Be7 7. Bf1 Nxe5 8. Rxe5 0-0 9. d4 Bf6 10. Re1 Re8 11. c3 Rxe1 12. Qxe1 Ne8 13. Bf4 d5 14. Nd2 Bf5 15. Qe2 c6 16. Re1 h6 17. Nb3 Nd6 18. Qf3 Bg6 19. Nc5 Ne4 20. Nd3 Qb6 21. Qg4 Be7 22. Re2 Nf6 23. Qh3 Bf8 24. Ne5 Bb1 25. a3 a5 26. Qe3 1/2-1/2

[Event "FICGS class M 000018 email"]
[Site "FICGS email"]
[Date "2022.06.02"]
[Round "1"]
[White "Ortiz, Clodomiro"]
[Black "Bernal Varela, Nelson"]
[Result "1/2-1/2"]
[WhiteElo "2390"]
[BlackElo "2473"]
[PlyCount "75"]
[EventDate "2022.??.??"]
[EventType "tourn (corr)"]
[EventRounds "1"]
[SourceTitle "Corr 2024"]
[Source "ChessBase"]
[SourceDate "2023.10.19"]
[SourceVersion "1"]
[SourceVersionDate "2023.10.19"]
[SourceQuality "1"]

1. d4 e6 2. c4 f5 3. Nf3 Nf6 4. g3 Be7 5. Bg2 d5 6. Qc2 0-0 7. 0-0 Ne4 8. Bf4 c6 9. Nc3 g5 10. Be3 Nd7 11. Rad1 Nd6 12. b3 Nf7 13. Na4 b6 14. Nb2 Bb7 15. a4 Rc8 16. a5 c5 17. Nd3 Rc7 18. a6 Bxa6 19. dxc5 Nxc5 20. Nxc5 Bxc5 21. Bxc5 Rxc5 22. Qa2 Qc8 23. cxd5 e5 24. Rd2 e4 25. Nd4 Rxd5 26. Qa1 Bb7 27. Qxa7 Rd6 28. Rc2 Qd7 29. Nxf5 Ra8 30. Qxa8+ Bxa8 31. Rc8+ Qxc8 32. Ne7+ Kf8 33. Nxc8 Rc6 34. Na7 Rc5 35. Bh3 Bb7 36. Be6 Nd6 37. b4 Rc7 38. Ra1 1/2-1/2

[Event "FICGS class M 000017 email"]
[Site "FICGS email"]
[Date "2022.01.20"]
[Round "1"]
[White "Bernal Varela, Nelson"]
[Black "Ortiz, Clodomiro"]
[Result "1/2-1/2"]
[WhiteElo "2476"]
[BlackElo "2371"]
[PlyCount "60"]
[EventDate "2022.??.??"]
[EventType "tourn (corr)"]
[EventRounds "1"]
[SourceTitle "Corr 2024"]
[Source "ChessBase"]
[SourceDate "2023.10.19"]
[SourceVersion "1"]
[SourceVersionDate "2023.10.19"]
[SourceQuality "1"]

1. e4 e5 2. Nf3 Nc6 3. Bb5 Nf6 4. 0-0 Nxe4 5. Re1 Nd6 6. Nxe5 Nxe5 7. Rxe5+ Be7 8. Bf1 0-0 9. d4 Bf6 10. Re1 Re8 11. c3 Rxe1 12. Qxe1 Ne8 13. Bf4 d5 14. Nd2 Bf5 15. Qe2 Nd6 16. Re1 a5 17. Nb3 a4 18. Nc5 b6 19. Nxa4 g5 20. Bxd6 Qxd6 21. b3 Bd7 22. g3 Re8 23. Qd1 Rxe1 24. Qxe1 Qa3 25. Qd2 Bxa4 26. bxa4 Qxa4 27. Qb2 h5 28. Bb5 Qd1+ 29. Kg2 Qe1 30. Qc2 Kg7 1/2-1/2

[Event "FICGS W-ch st1 gM 01 email"]
[Site "FICGS email"]
[Date "2021.07.11"]
[Round "1"]
[White "Gray, Garvin"]
[Black "Ortiz, Clodomiro"]
[Result "1/2-1/2"]
[WhiteElo "2290"]
[BlackElo "2446"]
[PlyCount "45"]
[EventDate "2021.??.??"]
[EventType "tourn (corr)"]
[EventRounds "6"]
[EventCategory "1"]
[SourceTitle "Corr 2022"]
[Source "ChessBase"]
[SourceDate "2021.10.24"]
[SourceVersion "1"]
[SourceVersionDate "2021.10.24"]
[SourceQuality "1"]

1. e4 e5 2. Nf3 Nc6 3. d4 exd4 4. Nxd4 Nf6 5. Nc3 Bb4 6. Nxc6 bxc6 7. Bd3 d5 8. exd5 cxd5 9. 0-0 0-0 10. h3 c6 11. Qf3 a5 12. Rd1 Re8 13. Bf4 a4 14. Ne2 Qb6 15. b3 Ba6 16. Be3 Bc5 17. Bxc5 Qxc5 18. c4 Rad8 19. Ng3 axb3 20. axb3 dxc4 21. Bf1 Rxd1 22. Qxd1 Bc8 23. Bxc4 1/2-1/2

[Event "FICGS W-ch st1 gM 01 email"]
[Site "FICGS email"]
[Date "2021.07.11"]
[Round "1"]
[White "Ortiz, Clodomiro"]
[Black "B Oliveira, Marcio"]
[Result "1/2-1/2"]
[WhiteElo "2446"]
[BlackElo "2352"]
[PlyCount "60"]
[EventDate "2021.??.??"]
[EventType "tourn (corr)"]
[EventRounds "6"]
[EventCategory "1"]
[SourceTitle "Corr 2022"]
[Source "ChessBase"]
[SourceDate "2021.10.24"]
[SourceVersion "1"]
[SourceVersionDate "2021.10.24"]
[SourceQuality "1"]

1. d4 Nf6 2. c4 g6 3. Nc3 d5 4. cxd5 Nxd5 5. Bd2 Bg7 6. e4 Nxc3 7. Bxc3 0-0 8. Qd2 c5 9. d5 e6 10. Bc4 exd5 11. Bxd5 Nc6 12. Ne2 Be6 13. Rd1 Re8 14. Bxc6 Qxd2+ 15. Rxd2 bxc6 16. Bxg7 Kxg7 17. Nc3 Rad8 18. f3 Rd4 19. Rc2 f5 20. Kf2 fxe4 21. Nxe4 Bf5 22. Re1 c4 23. Nc5 Rxe1 24. Kxe1 Rh4 25. g3 Bxc2 26. gxh4 Bb1 27. a4 Kf6 28. Kd2 Ke5 29. Kc3 Kd5 30. Ne4 h5 1/2-1/2

[Event "FICGS W-ch st1 gM 01 email"]
[Site "FICGS email"]
[Date "2021.07.11"]
[Round "1"]
[White "Ortiz, Clodomiro"]
[Black "Fric, Lubos"]
[Result "1/2-1/2"]
[WhiteElo "2446"]
[BlackElo "2320"]
[PlyCount "91"]
[EventDate "2021.??.??"]
[EventType "tourn (corr)"]
[EventRounds "6"]
[EventCategory "1"]
[SourceTitle "Corr 2024"]
[Source "ChessBase"]
[SourceDate "2023.10.19"]
[SourceVersion "1"]
[SourceVersionDate "2023.10.19"]
[SourceQuality "1"]

1. d4 Nf6 2. c4 e6 3. Nf3 d5 4. Nc3 c6 5. e3 Nbd7 6. Qc2 Bd6 7. Bd3 0-0 8. 0-0 dxc4 9. Bxc4 b5 10. Bd3 Bb7 11. e4 e5 12. h3 exd4 13. Nxd4 b4 14. Nf5 bxc3 15. Nxd6 Ne5 16. Nxb7 Qxd3 17. Qxc3 Qxc3 18. bxc3 Nxe4 19. Re1 f5 20. f3 Nd3 21. Re3 Nxc1 22. Rxc1 Ng3 23. Rce1 Rab8 24. Nc5 Rb2 25. Kh2 Nh5 26. R1e2 Rxe2 27. Rxe2 Rd8 28. Nb3 Rd3 29. c4 Kf7 30. Re5 g6 31. Ra5 Rc3 32. Rxa7+ Kf6 33. Rxh7 Nf4 34. Rd7 c5 35. h4 Rxc4 36. Rd2 Rc3 37. Na1 Rc4 38. Rc2 Rb4 39. Kg3 Nh5+ 40. Kf2 Rxh4 41. Rxc5 Ra4 42. Rc2 g5 43. Nb3 g4 44. fxg4 fxg4 45. Nc5 Ra3 46. Ne4+ 1/2-1/2

[Event "FICGS W-ch KO final email"]
[Site "FICGS email"]
[Date "2021.05.30"]
[Round "1"]
[White "Ludgate, Alan"]
[Black "Ortiz, Clodomiro"]
[Result "1/2-1/2"]
[WhiteElo "2440"]
[BlackElo "2451"]
[PlyCount "47"]
[EventDate "2021.??.??"]
[EventType "match (corr)"]
[EventRounds "3"]
[SourceTitle "Corr 2024"]
[Source "ChessBase"]
[SourceDate "2023.10.19"]
[SourceVersion "1"]
[SourceVersionDate "2023.10.19"]
[SourceQuality "1"]

1. d4 Nf6 2. c4 e6 3. Nc3 Bb4 4. a3 Bxc3+ 5. bxc3 b6 6. f3 Nc6 7. e4 Na5 8. Bd3 Ba6 9. Qe2 c5 10. Be3 d6 11. Nh3 Qc7 12. Rc1 e5 13. 0-0 Nd7 14. d5 h6 15. f4 0-0-0 16. Nf2 Rde8 17. f5 Nf6 18. Nd1 Ref8 19. Rf3 g6 20. fxg6 fxg6 21. Nf2 Qg7 22. Ng4 Nxg4 23. Rxf8+ Rxf8 24. Qxg4+ 1/2-1/2

[Event "FICGS W-ch KO final email"]
[Site "FICGS email"]
[Date "2021.05.30"]
[Round "1"]
[White "Ortiz, Clodomiro"]
[Black "Marciz, Alexander"]
[Result "1/2-1/2"]
[WhiteElo "2451"]
[BlackElo "2472"]
[PlyCount "68"]
[EventDate "2021.??.??"]
[EventType "match (corr)"]
[EventRounds "3"]
[SourceTitle "Corr 2024"]
[Source "ChessBase"]
[SourceDate "2023.10.19"]
[SourceVersion "1"]
[SourceVersionDate "2023.10.19"]
[SourceQuality "1"]

1. d4 Nf6 2. Bf4 d5 3. e3 c5 4. Nf3 Nc6 5. Nbd2 e6 6. c3 Bd6 7. Bg3 0-0 8. Bd3 b6 9. e4 Be7 10. e5 Nh5 11. Ng5 Bxg5 12. Qxh5 g6 13. Qe2 cxd4 14. h4 Bxd2+ 15. Qxd2 dxc3 16. bxc3 d4 17. c4 Qe7 18. Be4 Bb7 19. h5 g5 20. 0-0 Rad8 21. h6 Kh8 22. f4 d3 23. Rf3 Rd4 24. Re1 Rfd8 25. fxg5 Rxe4 26. Rxe4 Nd4 27. Rxd3 Bxe4 28. Rxd4 Qc5 29. Bf2 Rxd4 30. Bxd4 Qxc4 31. Bxb6 Bd5 32. Bxa7 Qxa2 33. Qxa2 Bxa2 34. Kf2 Kg8 1/2-1/2

[Event "FICGS class M 000013 email"]
[Site "FICGS email"]
[Date "2021.01.30"]
[Round "1"]
[White "Kruse, Herbert"]
[Black "Ortiz, Clodomiro"]
[Result "1/2-1/2"]
[WhiteElo "2501"]
[BlackElo "2467"]
[PlyCount "60"]
[EventDate "2021.??.??"]
[EventType "tourn (corr)"]
[EventRounds "1"]
[SourceTitle "Corr 2024"]
[Source "ChessBase"]
[SourceDate "2023.10.19"]
[SourceVersion "1"]
[SourceVersionDate "2023.10.19"]
[SourceQuality "1"]

1. d4 d5 2. c4 dxc4 3. e4 e5 4. Nf3 Bb4+ 5. Nc3 exd4 6. Nxd4 Nd7 7. Bxc4 Ngf6 8. f3 0-0 9. Be2 Ne5 10. 0-0 Qe7 11. Bg5 Bxc3 12. bxc3 c5 13. Nb3 Rd8 14. Qb1 b6 15. f4 Ng6 16. Rf2 h6 17. Bxf6 gxf6 18. Qc1 f5 19. e5 f6 20. exf6 Qxf6 21. Nd2 Bb7 22. Nf1 Be4 23. Qa3 Kh7 24. Re1 Rd7 25. Bb5 Bc6 26. Bxc6 Qxc6 27. c4 Rd4 28. Ng3 Qd7 29. Nh5 Rf8 30. h3 Rf7 1/2-1/2

[Event "FICGS class M 000012 email"]
[Site "FICGS email"]
[Date "2021.01.06"]
[Round "1"]
[White "Ortiz, Clodomiro"]
[Black "Marciz, Alexander"]
[Result "1/2-1/2"]
[WhiteElo "2467"]
[BlackElo "2466"]
[PlyCount "42"]
[EventDate "2021.??.??"]
[EventType "tourn (corr)"]
[EventRounds "1"]
[SourceTitle "Corr 2024"]
[Source "ChessBase"]
[SourceDate "2023.10.19"]
[SourceVersion "1"]
[SourceVersionDate "2023.10.19"]
[SourceQuality "1"]

1. d4 Nf6 2. c4 e6 3. Nf3 d5 4. Nc3 c6 5. e3 Nbd7 6. Qc2 Bd6 7. b3 0-0 8. Be2 e5 9. cxd5 cxd5 10. Nb5 Bb4+ 11. Bd2 Bxd2+ 12. Nxd2 a6 13. dxe5 Nxe5 14. Nd4 Bg4 15. Bxg4 Nfxg4 16. 0-0 Rc8 17. Qd1 Nf6 18. N2f3 Nxf3+ 19. Qxf3 Qc7 20. Qd1 Qd7 21. Qf3 Qe7 1/2-1/2

[Event "FICGS class M 000011 email"]
[Site "FICGS email"]
[Date "2020.11.03"]
[Round "1"]
[White "Marciz, Alexander"]
[Black "Ortiz, Clodomiro"]
[Result "1/2-1/2"]
[WhiteElo "2455"]
[BlackElo "2479"]
[PlyCount "74"]
[EventDate "2020.??.??"]
[EventType "tourn (corr)"]
[EventRounds "1"]
[SourceTitle "Corr 2024"]
[Source "ChessBase"]
[SourceDate "2023.10.19"]
[SourceVersion "1"]
[SourceVersionDate "2023.10.19"]
[SourceQuality "1"]

1. e4 e5 2. Nf3 Nc6 3. Bb5 Nf6 4. d3 Bc5 5. Bxc6 dxc6 6. Nbd2 Be6 7. 0-0 Bd6 8. d4 Nd7 9. dxe5 Nxe5 10. Nxe5 Bxe5 11. f4 Bd4+ 12. Kh1 f5 13. Qh5+ g6 14. Qe2 Qf6 15. c3 Bb6 16. exf5 Qxf5 17. Re1 Kf7 18. Nf3 Rhe8 19. Be3 Rad8 20. b3 Bc8 21. Ne5+ Kg8 22. Bxb6 axb6 23. Rf1 g5 24. Rae1 gxf4 25. g3 Qf6 26. Rxf4 Qg7 27. Kg2 Re7 28. Re4 Rde8 29. Qh5 Rf8 30. h4 Bf5 31. R4e3 h6 32. Qd1 Rfe8 33. Qd4 Re6 34. Qf4 Rf8 35. Kh2 Ref6 36. Qd4 b5 37. R3e2 Bc8 1/2-1/2

[Event "FICGS class M 000011 email"]
[Site "FICGS email"]
[Date "2020.11.03"]
[Round "1"]
[White "Ortiz, Clodomiro"]
[Black "Bernal Varela, Nelson"]
[Result "1/2-1/2"]
[WhiteElo "2479"]
[BlackElo "2493"]
[PlyCount "62"]
[EventDate "2020.??.??"]
[EventType "tourn (corr)"]
[EventRounds "1"]
[SourceTitle "Corr 2024"]
[Source "ChessBase"]
[SourceDate "2023.10.19"]
[SourceVersion "1"]
[SourceVersionDate "2023.10.19"]
[SourceQuality "1"]

1. d4 e6 2. c4 d5 3. Nf3 c6 4. e3 Nd7 5. Nbd2 b6 6. Bd3 Ngf6 7. 0-0 Be7 8. b3 0-0 9. Qe2 Bb7 10. Bb2 c5 11. Rac1 a6 12. a4 cxd4 13. Nxd4 Nc5 14. Bc2 Qe8 15. h3 Rd8 16. Rfd1 a5 17. Nb5 dxc4 18. Nxc4 Qc6 19. f4 Ba6 20. Ne5 Rxd1+ 21. Rxd1 Qc8 22. Kh2 Rd8 23. Bd4 Ncd7 24. Nc4 Qc6 25. Qd2 Rb8 26. Nba3 h6 27. Qe1 Rd8 28. Qg3 Nh5 29. Qe1 Nhf6 30. Qg3 Nh5 31. Qe1 Nhf6 1/2-1/2

[Event "FICGS class M 000011 email"]
[Site "FICGS email"]
[Date "2020.11.03"]
[Round "1"]
[White "Wosch, Arkadiusz"]
[Black "Ortiz, Clodomiro"]
[Result "1/2-1/2"]
[WhiteElo "2429"]
[BlackElo "2479"]
[PlyCount "46"]
[EventDate "2020.??.??"]
[EventType "tourn (corr)"]
[EventRounds "1"]
[SourceTitle "Corr 2024"]
[Source "ChessBase"]
[SourceDate "2023.10.19"]
[SourceVersion "1"]
[SourceVersionDate "2023.10.19"]
[SourceQuality "1"]

1. e4 e5 2. Nf3 Nc6 3. Bc4 Bc5 4. c3 Nf6 5. d3 0-0 6. 0-0 d6 7. Re1 a5 8. h3 h6 9. Nbd2 Be6 10. b3 Bb6 11. a4 d5 12. exd5 Nxd5 13. Ne4 Re8 14. Bd2 Nf6 15. Bxe6 Rxe6 16. Nxf6+ Qxf6 17. Be3 Bxe3 18. Rxe3 Ne7 19. Qe1 Re8 20. d4 Ng6 21. dxe5 Nxe5 22. Nxe5 Rxe5 23. Rxe5 Qxe5 1/2-1/2

[Event "FICGS class M 000010 email"]
[Site "FICGS email"]
[Date "2020.10.31"]
[Round "1"]
[White "Ortiz, Clodomiro"]
[Black "Perez, Brigiliano"]
[Result "1/2-1/2"]
[WhiteElo "2476"]
[BlackElo "2427"]
[PlyCount "80"]
[EventDate "2020.??.??"]
[EventType "tourn (corr)"]
[EventRounds "1"]
[SourceTitle "Corr 2024"]
[Source "ChessBase"]
[SourceDate "2023.10.19"]
[SourceVersion "1"]
[SourceVersionDate "2023.10.19"]
[SourceQuality "1"]

1. d4 Nf6 2. c4 e6 3. Nc3 Bb4 4. e3 0-0 5. Bd3 d5 6. Nf3 c5 7. cxd5 exd5 8. dxc5 Nbd7 9. Bd2 Nxc5 10. Be2 Ne6 11. a3 Bd6 12. 0-0 Bd7 13. b4 a6 14. Qb3 Bc6 15. Rfd1 Qe7 16. g3 Rac8 17. Bf1 h6 18. Be1 Rfd8 19. Rab1 Qe8 20. b5 axb5 21. Nxb5 Bc5 22. h4 Nc7 23. Rdc1 b6 24. Nbd4 Ba4 25. Qb2 Bd7 26. Ra1 Ne4 27. Nd2 Nd6 28. N4b3 Ne6 29. Bg2 Bc6 30. Qe5 f6 31. Qb2 Nf7 32. Nd4 Ne5 33. Nxc6 Rxc6 34. Qb3 Rcd6 35. Nf3 Kh8 36. Nxe5 fxe5 37. Bb4 d4 38. Re1 dxe3 39. Bxc5 Nxc5 40. Qxe3 e4 1/2-1/2

[Event "FICGS class M 000010 email"]
[Site "FICGS email"]
[Date "2020.10.31"]
[Round "1"]
[White "Wosch, Arkadiusz"]
[Black "Ortiz, Clodomiro"]
[Result "1/2-1/2"]
[WhiteElo "2454"]
[BlackElo "2476"]
[PlyCount "66"]
[EventDate "2020.??.??"]
[EventType "tourn (corr)"]
[EventRounds "1"]
[SourceTitle "Corr 2024"]
[Source "ChessBase"]
[SourceDate "2023.10.19"]
[SourceVersion "1"]
[SourceVersionDate "2023.10.19"]
[SourceQuality "1"]

1. e4 e5 2. Nf3 Nc6 3. Bb5 Nf6 4. 0-0 Nxe4 5. d4 Nd6 6. Bxc6 dxc6 7. dxe5 Nf5 8. Qxd8+ Kxd8 9. Nc3 Bd7 10. h3 h6 11. a4 a5 12. b3 Kc8 13. Bb2 b6 14. Rad1 Ne7 15. Nd4 Nd5 16. Nce2 Nb4 17. c4 Rg8 18. f4 Kb7 19. Kh2 Re8 20. g4 Bc8 21. Ng3 Na6 22. Nf3 Be7 23. Bd4 g6 24. f5 gxf5 25. Nxf5 h5 26. Nxe7 Rxe7 27. gxh5 Rh8 28. Kg3 Rxh5 29. h4 Nb4 30. Ng5 Nc2 31. Nxf7 c5 32. Bg1 Rh7 33. Rd2 Rexf7 1/2-1/2

[Event "FICGS class M 000008 email"]
[Site "FICGS email"]
[Date "2020.09.15"]
[Round "1"]
[White "Kruse, Herbert"]
[Black "Ortiz, Clodomiro"]
[Result "1/2-1/2"]
[WhiteElo "2587"]
[BlackElo "2476"]
[PlyCount "42"]
[EventDate "2020.??.??"]
[EventType "tourn (corr)"]
[EventRounds "1"]
[SourceTitle "Corr 2024"]
[Source "ChessBase"]
[SourceDate "2023.10.19"]
[SourceVersion "1"]
[SourceVersionDate "2023.10.19"]
[SourceQuality "1"]

1. e4 e5 2. Nf3 Nc6 3. Bc4 Bc5 4. 0-0 Nf6 5. d3 d6 6. c3 0-0 7. h3 a5 8. Re1 h6 9. Bb5 Ba7 10. Nbd2 Nh7 11. Nf1 f5 12. exf5 Bxf5 13. Ng3 Bg6 14. d4 exd4 15. cxd4 Nb4 16. Ba4 Bb6 17. Bb3+ Kh8 18. a3 Nd3 19. Re6 Nxc1 20. Rxg6 Nxb3 21. Qxb3 Qd7 1/2-1/2

[Event "FICGS class M 000008 email"]
[Site "FICGS email"]
[Date "2020.09.15"]
[Round "1"]
[White "Marciz, Alexander"]
[Black "Ortiz, Clodomiro"]
[Result "1/2-1/2"]
[WhiteElo "2431"]
[BlackElo "2476"]
[PlyCount "67"]
[EventDate "2020.??.??"]
[EventType "tourn (corr)"]
[EventRounds "1"]
[SourceTitle "Corr 2024"]
[Source "ChessBase"]
[SourceDate "2023.10.19"]
[SourceVersion "1"]
[SourceVersionDate "2023.10.19"]
[SourceQuality "1"]

1. d4 Nf6 2. c4 e6 3. Nf3 d5 4. g3 Bb4+ 5. Bd2 Be7 6. Bg2 c6 7. Qc2 b6 8. Bf4 0-0 9. 0-0 Nbd7 10. Rd1 Ba6 11. Nbd2 Nh5 12. Be3 Nhf6 13. Rac1 Ng4 14. Qd3 Rc8 15. h4 h6 16. Bf4 f5 17. Bh3 Ndf6 18. Be5 Re8 19. Bxf6 Nxf6 20. Qb3 Bd6 21. cxd5 cxd5 22. Bf1 Qd7 23. Ne5 Qb7 24. Qe3 Kh7 25. Ndf3 Ne4 26. Rxc8 Rxc8 27. Rc1 Bb5 28. Kg2 Rc7 29. Rxc7 Qxc7 30. Qb3 Be8 31. e3 Kg8 32. Be2 Kf8 33. Qd1 Kg8 34. Qb3 1/2-1/2

[Event "FICGS class M 000008 email"]
[Site "FICGS email"]
[Date "2020.09.15"]
[Round "1"]
[White "Ortiz, Clodomiro"]
[Black "Larwinski, Paul"]
[Result "1/2-1/2"]
[WhiteElo "2476"]
[BlackElo "2470"]
[PlyCount "38"]
[EventDate "2020.??.??"]
[EventType "tourn (corr)"]
[EventRounds "1"]
[SourceTitle "Corr 2024"]
[Source "ChessBase"]
[SourceDate "2023.10.19"]
[SourceVersion "1"]
[SourceVersionDate "2023.10.19"]
[SourceQuality "1"]

1. d4 d5 2. c4 dxc4 3. e3 Nf6 4. Bxc4 e6 5. Nf3 a6 6. 0-0 c5 7. dxc5 Bxc5 8. Qxd8+ Kxd8 9. Be2 Ke7 10. Nbd2 Bd7 11. b3 Bb5 12. Nc4 Bxc4 13. bxc4 Ne4 14. Bb2 f6 15. Rfc1 Nd7 16. h4 Rac8 17. Rab1 h6 18. Rc2 Rc7 19. Bd3 Nd6 1/2-1/2

[Event "FICGS class M 000007 email"]
[Site "FICGS email"]
[Date "2020.07.02"]
[Round "1"]
[White "Larwinski, Paul"]
[Black "Ortiz, Clodomiro"]
[Result "1/2-1/2"]
[WhiteElo "2445"]
[BlackElo "2486"]
[PlyCount "27"]
[EventDate "2020.??.??"]
[EventType "tourn (corr)"]
[EventRounds "1"]
[SourceTitle "Corr 2024"]
[Source "ChessBase"]
[SourceDate "2023.10.19"]
[SourceVersion "1"]
[SourceVersionDate "2023.10.19"]
[SourceQuality "1"]

1. e4 e5 2. Nc3 Nc6 3. Nf3 Nf6 4. d4 exd4 5. Nxd4 Bb4 6. Nxc6 bxc6 7. Bd3 d5 8. exd5 0-0 9. 0-0 cxd5 10. Bg5 c6 11. Qf3 Re8 12. Bxf6 Qxf6 13. Qxf6 gxf6 14. Ne2 1/2-1/2

[Event "FICGS class M 000007 email"]
[Site "FICGS email"]
[Date "2020.07.02"]
[Round "1"]
[White "Ortiz, Clodomiro"]
[Black "Wosch, Arkadiusz"]
[Result "0-1"]
[WhiteElo "2486"]
[BlackElo "2463"]
[PlyCount "116"]
[EventDate "2020.??.??"]
[EventType "tourn (corr)"]
[EventRounds "1"]
[SourceTitle "Corr 2024"]
[Source "ChessBase"]
[SourceDate "2023.10.19"]
[SourceVersion "1"]
[SourceVersionDate "2023.10.19"]
[SourceQuality "1"]

1. d4 Nf6 2. c4 e6 3. Nf3 d5 4. Nc3 c6 5. e3 Nbd7 6. Qc2 Bd6 7. Bd3 0-0 8. 0-0 dxc4 9. Bxc4 a6 10. Rd1 b5 11. Bd3 Qc7 12. Bd2 c5 13. Ne2 c4 14. Be4 Nxe4 15. Qxe4 Bb7 16. Qh4 Bxf3 17. gxf3 f5 18. Qh3 Rf6 19. f4 b4 20. Qf3 Rb8 21. Ng3 Nb6 22. Qe2 Qc6 23. Rdc1 Rc8 24. a3 b3 25. f3 Nd5 26. Qf2 Rh6 27. Rab1 Qc7 28. Kh1 Qb8 29. Ne2 Qb7 30. Qg2 Kh8 31. Rf1 Nf6 32. Ng3 c3 33. Bxc3 Nd5 34. Qd2 Nxc3 35. bxc3 Bxa3 36. Qd3 Rb8 37. Qc4 b2 38. Rf2 Qb5 39. Qxb5 axb5 40. c4 bxc4 41. Rc2 Rc8 42. Rc3 Rg6 43. Ne2 Ra8 44. Rxc4 h5 45. Rc2 Rf6 46. Kg2 Rff8 47. d5 exd5 48. Nd4 Rfc8 49. Rbxb2 Bxb2 50. Rxb2 Rcb8 51. Rd2 g6 52. Nc6 Rb5 53. Ne5 Kh7 54. Rc2 Ra7 55. Kg3 Rb3 56. Rd2 Rxe3 57. Rxd5 Re2 58. Nc6 h4+ 0-1

[Event "FICGS class M 000006 email"]
[Site "FICGS email"]
[Date "2020.05.12"]
[Round "1"]
[White "Kruse, Herbert"]
[Black "Ortiz, Clodomiro"]
[Result "1/2-1/2"]
[WhiteElo "2564"]
[BlackElo "2519"]
[PlyCount "31"]
[EventDate "2020.??.??"]
[EventType "tourn (corr)"]
[EventRounds "1"]
[SourceTitle "Corr 2024"]
[Source "ChessBase"]
[SourceDate "2023.10.19"]
[SourceVersion "1"]
[SourceVersionDate "2023.10.19"]
[SourceQuality "1"]

1. Nf3 Nf6 2. g3 c5 3. b3 Nc6 4. Bb2 d5 5. Bg2 Qc7 6. d4 cxd4 7. Nxd4 e5 8. Nxc6 bxc6 9. 0-0 h5 10. c4 d4 11. Re1 Bb4 12. Nd2 h4 13. a3 hxg3 14. hxg3 Bxd2 15. Qxd2 Bh3 16. Bxh3 1/2-1/2

[Event "FICGS class M 000006 email"]
[Site "FICGS email"]
[Date "2020.05.12"]
[Round "1"]
[White "Larwinski, Paul"]
[Black "Ortiz, Clodomiro"]
[Result "1/2-1/2"]
[WhiteElo "2431"]
[BlackElo "2519"]
[PlyCount "29"]
[EventDate "2020.??.??"]
[EventType "tourn (corr)"]
[EventRounds "1"]
[SourceTitle "Corr 2024"]
[Source "ChessBase"]
[SourceDate "2023.10.19"]
[SourceVersion "1"]
[SourceVersionDate "2023.10.19"]
[SourceQuality "1"]

1. e4 e5 2. Nf3 Nc6 3. Bb5 Nf6 4. 0-0 Nxe4 5. Re1 Nd6 6. Nxe5 Nxe5 7. Rxe5+ Be7 8. Bf1 0-0 9. d4 Bf6 10. Re1 Re8 11. c3 Rxe1 12. Qxe1 Ne8 13. Bf4 d5 14. Bd3 g6 15. Nd2 1/2-1/2